Quizzes
Events
Quiz Creation
Community
Videos
Private Events
Remove Ads
Sign In
Join for FREE
Feedback
Dark Mode
Quiz Categories
Sports
Geography
Music
Movies
Television
Just For Fun
Miscellaneous
History
Literature
Language
Science
Gaming
Entertainment
Religion
Holiday
For Kids
Quiz Lab
Recent
Popular Today
Quiz Kudos Today
Editor Picks
Curator Picks
Quizzes by...
Day
Popularity
Type
Ratings
Length
Year
Community
Subscriptions
Recent Discussions
Orange Saloon
Badges
Playlists
Quests
Create
Leaderboards
Showdown
Live 5
Trivia Bingo
Activity
Puzzle Library
Sporcle Events
Private Events
Virtual Trivia
Globe League
Become a Host
Pub Owners
SporcleCon
Opinionation
Our Games
Videos
Blog
Mobile Apps
Partnerships
Remove Ads and Go Orange
Feedback
Sports
Athletes
MLB
NBA
NHL
NFL
Soccer
Sports Teams
WWE
NCAA
Football
Premier League
Basketball
Baseball
Hockey
Golf
Tennis
Cricket
Rugby
Auto Racing
Olympics
World Cup
Sports
Athletes
MLB
NBA
NHL
NFL
Soccer
Sports Teams
WWE
NCAA
Football
Premier League
Basketball
Baseball
Hockey
Golf
Tennis
Cricket
Rugby
Auto Racing
Olympics
World Cup
Random Quiz
Search Sporcle
×
Quiz Lab
Quiz Lab
Sports
NFL
Type in answers that appear in a list
Type in answers that appear in a list
Classic
Best Score? Go Orange.
NFL Kickers: Picture Quiz Stats
Can you name the NFL Kickers from their pictures?
By
reicherm
5m
34 Questions
285 Plays
285 Plays
285 Plays
Comments
Comments
Give Quiz Kudos
Give Quiz Kudos
-
- Ratings
hide this ad
Forced Order
Answers have to be entered in order
Answers have to be entered in order
Replay
Link that replays current quiz
Next Quiz
Link to next quiz in quiz playlist
You Got
0%
They Got
Avg Score
30%
Avg Friend Score
Upgrade to see
Score Distribution
Jump to the score distribution portion of the page
Score
0/34
Timer
05:00
0
Plays Today
Row x Column
Kicker
% Correct
2x2
Mason Crosby
71.6%
4x1
Sebastian Janikowski
60.7%
1x1
David Akers
57.9%
4x2
Nate Kaeding
49.1%
1x6
Matt Bryant
44.2%
3x3
Shayne Graham
43.2%
2x5
Jay Feely
40.4%
1x3
Rob Bironas
39.6%
5x3
Neil Rackers
39.6%
6x4
Adam Vinatieri
39.3%
3x5
Garrett Hartley
36.5%
3x2
Robbie Gould
34%
4x6
Olindo Mare
34%
3x1
Stephen Gostkowski
33.3%
6x3
Lawrence Tynes
29.8%
2x4
Phil Dawson
27.7%
1x4
Josh Brown
27.4%
Row x Column
Kicker
% Correct
5x4
Jeff Reed
27.4%
2x1
Dan Carpenter
26.3%
6x1
Ryan Succop
26.3%
5x6
Matt Stover
24.2%
2x3
Billy Cundiff
23.5%
5x5
Josh Scobee
23.5%
1x5
Kris Brown
22.8%
3x4
Jason Hanson
21.8%
4x5
Ryan Longwell
20.4%
5x1
Joe Nedney
20%
5x2
Matt Prater
20%
4x3
John Kasay
18.9%
6x2
Shaun Suisham
18.2%
1x2
Connor Barth
15.4%
4x4
Rian Lindell
12.3%
2x6
Graham Gano
9.5%
3x6
Steven Hauschka
9.1%
Quiz Playlist
Details
Report
Send in Message
Add To Playlist
Classic:
Type in answers that appear in a list
Forced Order:
Answers have to be entered in order
Last Updated: Feb 16, 2017
Quiz Scoreboard
CHALLENGE
Sign Up to Join the Scoreboard
Show All
Scores
Hide
Comments
May contain spoilers
Recently Published
Presidents Visiting Landmarks
by Hejman
History
7m
An Introduction to Baseball
by treessimontrees
Sports
5m
Movies - When Are They Set?
by FPL_Elf
Movies
5m
More to Explore
Quiz From the Vault
Featured Blog Post
Where Did the Easter Bunny Come From?
hide this ad
You Might Also Like...
Tags
NFL Quiz
Image Quiz
Kicker
Today's Top Quizzes in Sports
Browse Sports
hide this ad
Today's Top Quizzes in NFL
Browse NFL
Top Contributed Quizzes in Sports
1
Les meilleurs buteurs des matchs entre le PSG et l’OM
2
2022 World Cup Stars
3
FIFA Club World Cup Champions
4
Les entraîneurs de l'OM et du PSG au 21e siècle
5
Name the Premier League winners with different clubs
6
5-to-1: UK Sports Teams
7
La finale Lions - Afrique du Sud 2021
8
Criteria MLB: Left Handed Sluggers
9
AFC Teams Reveal (Wrong Answers Minefield)
10
England Test cricketers to play under Nasser Hussain
Explore More
Trending Topics
NBA
Disney
Marvel
Harry Potter
Anime
Crossword
Kpop
The Office
Country
NFL
Pokémon
Song
WWE
Soccer
Puzzle
hide this ad
More By:
reicherm
Quiz
Plays
Rating
Category
Featured
Created
Super Bowl Winning QBs by Picture
148,534
4.48
Sports
Feb 6, 2010
Alphabetic Things (A-Z)
134,217
3.91
Miscellaneous
Feb 8, 2010
NFL: Fired Coaches 2000s
9,779
4.31
Sports
Jan 5, 2010
Soft Drink Consumption by Country
8,775
4.23
Geography
Feb 8, 2010
Most Injuries due to Terrorism By Country
5,822
3.94
Geography
Feb 6, 2010
Go to Creator's Profile
Score Distribution
Quiz Creator Spotlight
reicherm
Follow
Send a Message
Quizzes Created
-
Created Quiz Play Count
-
More By This Creator
Popular Quizzes Today
1
Find the US States - No Outlines Minefield
2
Find the Countries of Europe - No Outlines Minefield
3
The Countries of the World
4
Find the US States
5
Popular People in 1961
6
US States
7
Risky Map Clicking: Biggest States A-Z
8
Movies - When Are They Set?
More Sports Quizzes
MLB The Show 18 Player Ratings: Top 10 at positions
Quiz Lab
Trending Quizzes
Risky Map Clicking: Least Populous States A-Z
1-10 Letter G Words
1-10 Letter F Words
Risky Map Clicking: Next State Alphabetically
Risky Map Clicking: Biggest States A-Z
Recently Updated
Leaping Animals
pecheneg
Reality TV Shows (A-Z)
bhenderson79
Rickey Henderson's Hall of Fame Teammates
pecheneg
Champions League XIs: Arsenal
pecheneg
Quick Pick: Celebrities in WWE's Hall of Fame
aduchscher
A-Z Keypad Blitz II
pecheneg
Multiple Oscar Actors
pecheneg
Mystery Phrase Blitz: Oscar 'Best Actors'
pecheneg
F. Scott Fitzgerald Novels
LTH
Pick 3 Villains
ddd62291
Trending Topics
Disney
Anime
Crossword
Marvel
NBA
Kpop
Harry Potter
Pokémon
Soccer
Puzzle
NFL
Song
The Office
Country
WWE
Your Account Isn't Verified!
In order to create a playlist on Sporcle, you need to verify the email address you used during registration. Go to your
Sporcle Settings
to finish the process.
Report this User
Report this user for behavior that violates our
Community Guidelines
.
Details:
Send Report
Go to the Sporcle.com Mobile Site →
Comments